| 000 | 00757cam a2200205 a 4500 | ||
|---|---|---|---|
| 001 | 000012848 | ||
| 005 | 20200929163103.0 | ||
| 008 | 021218s2003 pr b 000 0 eng | ||
| 020 | _a0847701425 (alk. paper) | ||
| 040 |
_aDO-SdBNP _bspa _cLC _dBNPHU |
||
| 082 |
_a342.7295/029 _bF366s |
||
| 100 | 1 |
_aFernós, Antonio. _929724 |
|
| 245 | 1 | 0 |
_aSer nosotros mismos! : _bla angustiosa lucha del pueblo puertorriqueño por su soberanía nacional / _cAntonio Fernós López Cepero. |
| 260 |
_aSan Juan, Puerto Rico : _bUniversidad de Puerto Rico, _c2003. |
||
| 300 |
_a213 p. ; _c23 cm. |
||
| 650 | 4 |
_aHistoria constitucional _zPuerto Rico _929387 |
|
| 650 | 4 |
_aSoberania _zPuerto Rico _xHistoria. _929725 |
|
| 910 | _aCatalogación por copia / LC | ||
| 049 | _aBNGR | ||
| 999 |
_c12496 _d12496 |
||